Small Public Housing Authority Act : report (to accompany H.R. 3422).

Bibliographic Details
Corporate Author: United States. Congress. House. Committee on Financial Services
Format: Government Document Book
Language:English
Published: [Washington, D.C.] : [U.S. G.P.O.], [2005]
Series:Report / 109th Congress, 1st session, House of Representatives ; 109-342
Subjects:
Online Access:PDF version:

MARC

Tag First Indicator Second Indicator Subfields
LEADER 00000cam a2200000 a 4500
001 in00002115288
005 20220106092603.0
008 060206s2005 dcu f000 0 eng c
035 |a (OCoLC)ocm63109465 
040 |a GPO  |c GPO  |d GPO  |d MvI  |d UtOrBLW 
042 |a pcc 
043 |a n-us--- 
049 |a UDOC 
049 |a WWW 
050 1 4 |a KF32  |b .F55 2005o 
074 |a 1008-C 
074 |a 1008-C (online) 
074 |a 1008-D (MF) 
074 |a 1008-D (online) 
086 0 |a Y 1.1/8:109-342 
110 1 |a United States.  |b Congress.  |b House.  |b Committee on Financial Services. 
245 1 0 |a Small Public Housing Authority Act :  |b report (to accompany H.R. 3422). 
264 1 |a [Washington, D.C.] :  |b [U.S. G.P.O.],  |c [2005] 
300 |a 8 pages ;  |c 24 cm. 
336 |a text  |b txt  |2 rdacontent 
337 |a unmediated  |b n  |2 rdamedia 
338 |a volume  |b nc  |2 rdacarrier 
490 1 |a Report / 109th Congress, 1st session, House of Representatives ;  |v 109-342 
500 |a Caption title. 
500 |a Shipping list number: 2006-0099-P. 
500 |a Distributed to some depository libraries in microfiche. 
500 |a "December 13, 2005." 
500 |a Shipping List Date: 01/27/2006 
530 |a Also available via Internet from the GPO Access web site. Address as of 7/26/06: http://frwebgate.access.gpo.gov/cgi-bin/getdoc.cgi?dbname=109_cong_reports&docid=f:hr342.109 (text version), http://frwebgate.access.gpo.gov/cgi-bin/getdoc.cgi?dbname=109%5Fcong%5Freports&docid=f:hr342.109.pdf (PDF version); current access is available via PURL. 
650 0 |a Housing authorities  |x Law and legislation  |z United States. 
650 0 |a Public housing  |x Law and legislation  |z United States. 
810 1 |a United States.  |b Congress.  |b House.  |t Report ;  |v 109-342. 
856 4 1 |3 PDF version:  |u https://purl.fdlp.gov/GPO/LPS66432  |t 0 
999 |a MARS 
999 f f |s 1177b6d6-9ce5-3e07-bb6e-0280216a9bcd  |i 9e5846f7-41e2-35d9-8156-9952b19fe952  |t 0 
952 f f |a Texas A&M University  |b College Station  |c Electronic Resources  |d Available Online  |t 0  |e Y 1.1/8:109-342  |h Superintendent of Documents classification 
998 f f |a Y 1.1/8:109-342  |t 0  |l Available Online